000
00332 a2200157 4500
001
44843
020
_a
8588038064
040
_c
Anchieta - Aquarius
100
_a
Araújo, Rose
240
1
0
_a
Os amigos da Lis
_l
por
245
1
0
_a
Os amigos da Lis
300
_a
24
362
0
_a
2002
650
4
_a
Literatura infantil
942
_c
BK
999
_c
44843
_d
44843